| 000 | 01126nam a2200337 a 4500 | ||
|---|---|---|---|
| 001 | vtls000189105 | ||
| 003 | NLI | ||
| 005 | 20210602111626.0 | ||
| 008 | 101125s1995 enk 001 0 eng | ||
| 020 |
_a0421543108 : _cPND 75.00 |
||
| 039 | 9 |
_y201011252244 _zVLOAD |
|
| 040 | 0 |
_aNLI _beng _cDatasoft 1 _eAACR2 |
|
| 041 | 0 | _aeng | |
| 044 | _aenk | ||
| 082 | 0 | 4 | _a332.15 |
| 100 | 1 |
_aWood, Philip R. _9362910 |
|
| 245 | 1 | 0 |
_aInternational loans, bonds and securities regulation / _cby Philip R. Wood |
| 260 |
_aLondon : _bSweet & Maxwell, _c1995 |
||
| 300 |
_axxi, 561 p. ; _c26 cm. |
||
| 440 | 0 |
_aLaw and practice of international finance _9362911 |
|
| 504 | _aIncludes bibliographical references and index | ||
| 650 | 0 |
_aCommercial loans _xLaw and legislation _9362912 |
|
| 650 | 0 |
_aBonds _91921 |
|
| 650 | 0 |
_aSecurities _91920 |
|
| 887 | _a | ||
| 901 |
_a526867 _b24.03.1996 |
||
| 902 | _aE 332.15 W 86 | ||
| 942 |
_2ddc _cBKS |
||
| 949 |
_AVIRTUAITEM _D10000 _X100 _6PUR000526867ENG |
||
| 999 |
_aVIRTUA40 _c192592 _d192592 |
||
| 999 | _aVTLSSORT0080*0200*0400*0410*0440*0820*1000*2450*2600*3000*4400*5040*6500*6501*6502*9010*9020*9490*9991 | ||